Skip to main content
Your cart is empty.
Your lists
Log in to create your own lists
Your cookies
العربية
English
العربية
Home
Search
Advanced search
Authority search
About
The noble scholar, jurist, historian
His Excellency Dr. Abdul Wahhab bin Ibrahim Abu Sulaiman, may Allah have mercy on him.
He was born in Umm Al-Qura in the year 1356 AH.
Library catalog
Title
Author
Subject
ISBN
ISSN
Series
Call number
Log in to your account
×
Login:
Password:
Home
MARC view: الكوارث الطبيعية وكيفية مواجهتها :
Normal view
MARC view
ISBD view
الكوارث الطبيعية وكيفية مواجهتها : (Record no. 12654)
[
view plain
]
MARC details
000 -LEADER
fixed length control field
02115cam a2200313 i 4500
003 - CONTROL NUMBER IDENTIFIER
control field
SA-RiAUC
005 - DATE AND TIME OF LATEST TRANSACTION
control field
20251021065641.0
008 - FIXED-LENGTH DATA ELEMENTS--GENERAL INFORMATION
fixed length control field
251004s1993 ua f 000r0 ara c
040 ## - CATALOGING SOURCE
Original cataloging agency
SuRiAST
Language of cataloging
ara
Transcribing agency
SA-RiAUC
Description conventions
rda
043 ## - GEOGRAPHIC AREA CODE
Geographic area code
f-mr---
--
f-ae---
082 04 - DEWEY DECIMAL CLASSIFICATION NUMBER
Classification number
363.3492
Assigning agency
SA-RiAUC
090 ## - LOCALLY ASSIGNED LC-TYPE CALL NUMBER (OCLC); LOCAL CALL NUMBER (RLIN)
Classification number (OCLC) (R) ; Classification number, CALL (RLIN) (NR)
363.3492
Local cutter number (OCLC) ; Book number/undivided call number, CALL (RLIN)
ا ح ي
100 1# - MAIN ENTRY--PERSONAL NAME
Personal name
الأحيدب، إبراهيم بن سليمان بن حسن،
Dates associated with a name
1371 هجري-
Relator term
مؤلف.
245 12 - TITLE STATEMENT
Title
الكوارث الطبيعية وكيفية مواجهتها :
Remainder of title
دراسة جغرافية /
Statement of responsibility, etc.
إبراهيم بن سليمان الأحيدب.
264 #1 - PRODUCTION, PUBLICATION, DISTRIBUTION, MANUFACTURE, AND COPYRIGHT NOTICE
Place of production, publication, distribution, manufacture
الجيزة، مصر :
Name of producer, publisher, distributor, manufacturer
هجر للطباعة والنشر والتوزيع والإعلان،
Date of production, publication, distribution, manufacture, or copyright notice
1993
300 ## - PHYSICAL DESCRIPTION
Extent
135صفحة؛
Dimensions
24 سم.
336 ## - CONTENT TYPE
Content type term
نص
Content type code
txt
Source
rdacontent
Materials specified
كتاب
337 ## - MEDIA TYPE
Media type term
بدون وسيط
Media type code
n
Source
rdamedia
338 ## - CARRIER TYPE
Carrier type term
مجلد
Carrier type code
nc
Source
rdacarrier
520 2# - SUMMARY, ETC.
Summary, etc.
يتناول الكتاب الآتي : المخاطر الطبيعية-أنواع المخاطر الطبيعية-متى يكون الحدث الطبيعي خطرا-الفائدة من الحوادث الطبيعية-مواجهة الإنسان للمخاطر الطبيعية-أمثلة للمخاطر الطبيعية ويشمل : البراكين-الزلازل والهزات الأرضية-الهزات الأرضية الطبيعية-قياس قوة الزلازل-زلزال الأصناف في الجزائر-زلزال أغادير في المغرب-زلزال العواصف والأعاصير-الأعاصير المدارية-الترنادو-الرياح الموسمية-السيول والفيضانات-الموجات الهوائية الباردة والحارة-الحرائق.
650 #7 - SUBJECT ADDED ENTRY--TOPICAL TERM
Topical term or geographic name entry element
الكوارث
General subdivision
تدابير سلامة
Source of heading or term
aucsh
650 #7 - SUBJECT ADDED ENTRY--TOPICAL TERM
Topical term or geographic name entry element
الزلازل
Geographic subdivision
المغرب
--
أغادير
Source of heading or term
aucsh
650 #7 - SUBJECT ADDED ENTRY--TOPICAL TERM
Topical term or geographic name entry element
الزلازل
Geographic subdivision
الجزائر
Source of heading or term
aucsh
650 #7 - SUBJECT ADDED ENTRY--TOPICAL TERM
Topical term or geographic name entry element
الكوارث
General subdivision
إدارة
Source of heading or term
aucsh
650 #7 - SUBJECT ADDED ENTRY--TOPICAL TERM
Topical term or geographic name entry element
الزلازل
Geographic subdivision
المغرب
--
أغادير
Source of heading or term
aucsh
650 #7 - SUBJECT ADDED ENTRY--TOPICAL TERM
Topical term or geographic name entry element
الزلازل
Geographic subdivision
الجزائر
Source of heading or term
aucsh
942 ## - ADDED ENTRY ELEMENTS (KOHA)
Source of classification or shelving scheme
Dewey Decimal Classification
Koha item type
Books
Suppress in OPAC
No
949 ## - LOCAL PROCESSING INFORMATION (OCLC)
a
SA-JeALM
d
251004
u
mohamedma123
n
1
No items available.
Print
Add to your cart
(remove)
Save record
BIBTEX
Dublin Core
MARCXML
MARC (non-Unicode/MARC-8)
MARC (Unicode/UTF-8)
MARC (Unicode/UTF-8, Standard)
MODS (XML)
RIS
ISBD
More searches
Search for this title in:
Other Libraries (WorldCat)
Other Databases (Google Scholar)
Online Stores (Bookfinder.com)
Open Library (openlibrary.org)
Exporting to Dublin Core...
×
Simple DC-RDF
OAI-DC
SRW-DC